Direct and Alternating Current Circuits (Record no. 86407)

MARC details
000 -LEADER
fixed length control field 00398pam a2200157 a 4500
020 ## - INTERNATIONAL STANDARD BOOK NUMBER
International Standard Book Number 0-07-024959-8
Terms of availability
040 ## - CATALOGING SOURCE
Original cataloging agency SVUL_517502
041 ## - LANGUAGE CODE
Language code of text/sound track or separate title eng
082 ## - DEWEY DECIMAL CLASSIFICATION NUMBER
Classification number 537
Item number GRO
100 ## - MAIN ENTRY--PERSONAL NAME
Personal name Grob, Bernard
245 ## - TITLE STATEMENT
Title Direct and Alternating Current Circuits
Remainder of title Adapted from Basic Electronics
Medium Paper
250 ## - EDITION STATEMENT
Edition statement 5th ed
260 ## - PUBLICATION, DISTRIBUTION, ETC.
Place of publication, distribution, etc. New York
Name of publisher, distributor, etc. McGraw-Hill
Date of publication, distribution, etc. 1986
300 ## - PHYSICAL DESCRIPTION
Extent ix,609p.
930 ## - EQUIVALENCE OR CROSS-REFERENCE-UNIFORM TITLE HEADING [LOCAL, CANADA]
Uniform title 9502
Holdings
Withdrawn status Lost status Damaged status Not for loan Collection Home library Current library Date acquired Source of acquisition Cost, normal purchase price Total Checkouts Full call number Barcode Date last seen Copy number Price effective from Koha item type
          Yashwantrao Mohite College of Arts, Science And Commerce, Pune Yashwantrao Mohite College of Arts, Science And Commerce, Pune 08/06/2021 Everest Publication House 119.00   537 GRO YMP-30180 24/02/2023 3 24/02/2023 Book
          Yashwantrao Mohite College of Arts, Science And Commerce, Pune Yashwantrao Mohite College of Arts, Science And Commerce, Pune 08/06/2021 Everest Publication House 119.00   537 GRO YMP-30179 24/02/2023 2 24/02/2023 Book
          Yashwantrao Mohite College of Arts, Science And Commerce, Pune Yashwantrao Mohite College of Arts, Science And Commerce, Pune 08/06/2021 Everest Publication House 119.00   537 GRO YMP-30178 24/02/2023 1 24/02/2023 Book